Normal view MARC view
  • Masoud Salehi

Entry Corporate Name

Number of records used in: 1

001 - CONTROL NUMBER

  • control field: 111764

003 - CONTROL NUMBER IDENTIFIER

  • control field: NUST

005 - DATE AND TIME OF LATEST TRANSACTION

  • control field: 20230407114109.0

008 - FIXED-LENGTH DATA ELEMENTS

  • fixed length control field: 230407|| aca||aabn | a|a d

040 ## - CATALOGING SOURCE

  • Original cataloging agency: NUST
  • Transcribing agency: NUST

110 ## - HEADING--CORPORATE NAME

  • Corporate name or jurisdiction name as entry element: Masoud Salehi

670 ## - SOURCE DATA FOUND

  • Source citation: Work cat.: (NUST)594392: Proakis John G 662, Communication Systems Engineering, 2015.
© 2023 Central Library, National University of Sciences and Technology. All Rights Reserved.